| 000 | 00401nab a2200145Ia 4500 | ||
|---|---|---|---|
| 003 | ES-SlBCS | ||
| 005 | 20210601124259.0 | ||
| 008 | 140529s1955 xxu||||| |||| 00| 0 eng d | ||
| 041 | _aeng | ||
| 100 | 1 |
_aHennessy, Justin _9139014 |
|
| 245 | 0 | 0 |
_aMother of God _c Justin Hennessy |
| 650 | 0 | 4 |
_aMadre de Dios _9127040 |
| 773 | 0 |
_tDominicana _gvol. 40, nº. 4, 1955, págs. 356-367 _wRev1398 |
|
| 942 | _cAR | ||
| 999 |
_c512228 _d512228 |
||